Atención Primaria (Registro nro. 1059)

Detalles MARC
000 -LEADER
fixed length control field 00563nas a22001697a 4500
008 - CAMPO DE CONTROL RECURSOS CONTINUADOS
fixed length control field 120704t19819999sp ||||| |||| 00| 0 spa d
022 ## - INTERNATIONAL STANDARD SERIAL NUMBER
International Standard Serial Number 02126567
245 ## - TITULO
Titulo Atención Primaria
Mención de responsabildady, etc Sociedad Española de Medicina de Familia y Comunitaria
260 ## - PUBLICACION, DISTRIBUCION, ETC. (PIE DE IMPRENTA)
Lugar de publicación, distribución, etc Barcelona :
Nombre de la editorial, distribuidor, etc. Publicaciones Profesionales S.A.,
Fecha de publicación 1981
300 ## - DESCRIPCION FISICA
Extensión v. :
310 ## - FRECUENCIA ACTUAL DE LA PUBLICACION
Frecuencia actual de la publicación quincenal
546 ## - NOTA DE IDIOMA
Nota de lenguaje Texto en español
590 ## - NOTAS LOCALES (RLIN)
Nota local Existencias: 1986 3(1-3); 1996 17(1-9) 18(1-10)
590 ## - NOTAS LOCALES (RLIN)
Nota local Indizada en: Index Medicus, Excerpta Médica
650 ## - MATERIA-TERMINO TEMATICO
Término temático ATENCION PRIMARIA
9 (RLIN) 1742
942 ## - ADDED ENTRY ELEMENTS (KOHA)
Source of classification or shelving scheme Dewey Decimal Classification
Item type Continuing Resources

No hay ítems disponibles.


UNIVERSIDAD NACIONAL DEL COMAHUE
Biblioteca de la Facultad de Ciencias Médicas
Sede Toschi: Los Arrayanes y Av. Toschi, Cipolletti  - Rio Negro
Sede Los Tordos:  Yrigoyen al 2211, Cipolletti - Rio Negro 

Teléfono: 0299 - 4774707 int 25
Contacto: biblioteca@facimed.uncoma.edu.ar
© 2011 - 2026